Probability (Record no. 1715827)
[ view plain ]
| 000 -LEADER | |
|---|---|
| fixed length control field | 00712nam a22002417a 4500 |
| 003 - CONTROL NUMBER IDENTIFIER | |
| control field | OSt |
| 005 - DATE AND TIME OF LATEST TRANSACTION | |
| control field | 20260320121641.0 |
| 008 - FIXED-LENGTH DATA ELEMENTS--GENERAL INFORMATION | |
| fixed length control field | 260320b |||||||| |||| 00| 0 eng d |
| 020 ## - INTERNATIONAL STANDARD BOOK NUMBER | |
| International Standard Book Number | 9789353947781 |
| 037 ## - SOURCE OF ACQUISITION | |
| Terms of availability | Reference |
| 040 ## - CATALOGING SOURCE | |
| Original cataloging agency | FEDL |
| Language of cataloging | eng |
| Transcribing agency | FEDL |
| 041 ## - LANGUAGE CODE | |
| Language code of text/sound track or separate title | eng |
| Language code of sung or spoken text | eng |
| 082 ## - DEWEY DECIMAL CLASSIFICATION NUMBER | |
| Edition number | 10th |
| Classification number | 519.54 HOG/R |
| 100 ## - MAIN ENTRY--PERSONAL NAME | |
| Personal name | Hog Robert V. |
| 9 (RLIN) | 1132644 |
| 245 ## - TITLE STATEMENT | |
| Title | Probability |
| Remainder of title | and Statistical Inference |
| Statement of responsibility, etc. | by Robert V. Hogg, Elliot Tanis, Dale Zimmerman |
| 250 ## - EDITION STATEMENT | |
| Edition statement | 10th ed. |
| 260 ## - PUBLICATION, DISTRIBUTION, ETC. | |
| Place of publication, distribution, etc. | Noida ,U.P. |
| Name of publisher, distributor, etc. | Pearson |
| Date of publication, distribution, etc. | 2025 |
| 300 ## - PHYSICAL DESCRIPTION | |
| Extent | x, 548p. |
| 365 ## - TRADE PRICE | |
| Price type code | INR |
| Price amount | 920 |
| 700 ## - ADDED ENTRY--PERSONAL NAME | |
| Personal name | Hog Robert V. |
| 9 (RLIN) | 1132644 |
| 942 ## - ADDED ENTRY ELEMENTS (KOHA) | |
| Source of classification or shelving scheme | Dewey Decimal Classification |
| Koha item type | Textbook |
| Edition | 10th ed. |
| Classification part | 519.54 HOG/R |
| Suppress in OPAC | No |
| Withdrawn status | Lost status | Source of classification or shelving scheme | Damaged status | Not for loan | Collection | Home library | Current library | Shelving location | Date acquired | Total Checkouts | Full call number | Barcode | Date last seen | Price effective from | Koha item type |
|---|---|---|---|---|---|---|---|---|---|---|---|---|---|---|---|
| Dewey Decimal Classification | General | Department of Education Library | Department of Education Library | General Stacks | 2026-03-20 | 519.54 HOG/R | EL0094825 | 2026-03-20 | 2026-03-20 | Textbook | |||||
| Dewey Decimal Classification | General | Department of Education Library | Department of Education Library | General Stacks | 2026-03-20 | 519.54 HOG/R | EL0094826 | 2026-03-20 | 2026-03-20 | Textbook | |||||
| Dewey Decimal Classification | General | Department of Education Library | Department of Education Library | General Stacks | 2026-03-20 | 519.54 HOG/R | EL0094827 | 2026-03-20 | 2026-03-20 | Textbook | |||||
| Dewey Decimal Classification | General | Department of Education Library | Department of Education Library | General Stacks | 2026-03-20 | 519.54 HOG/R | EL0094828 | 2026-03-20 | 2026-03-20 | Textbook | |||||
| Dewey Decimal Classification | General | Department of Education Library | Department of Education Library | General Stacks | 2026-03-20 | 519.54 HOG/R | EL0094829 | 2026-03-20 | 2026-03-20 | Textbook | |||||
| Dewey Decimal Classification | General | Department of Education Library | Department of Education Library | General Stacks | 2026-03-20 | 519.54 HOG/R | EL0094830 | 2026-03-20 | 2026-03-20 | Textbook | |||||
| Dewey Decimal Classification | General | Department of Education Library | Department of Education Library | General Stacks | 2026-03-20 | 519.54 HOG/R | EL0094831 | 2026-03-20 | 2026-03-20 | Textbook | |||||
| Dewey Decimal Classification | General | Department of Education Library | Department of Education Library | General Stacks | 2026-03-20 | 519.54 HOG/R | EL0094832 | 2026-03-20 | 2026-03-20 | Textbook |
